ბათუმის შოთა რუსთაველის სახელმწიფო უნივერსიტეტის ბიბლიოთეკა

Автомобильный справочник. Том 1. (ბიბ.ჩანაწერი № 40623)

000 -LEADER
fixed length control field 00631nam a2200217Ia 4500
001 - CONTROL NUMBER
control field 7250
003 - CONTROL NUMBER IDENTIFIER
control field GE_BSU
008 - FIXED-LENGTH DATA ELEMENTS--GENERAL INFORMATION
fixed length control field 181216s||||||||xx |||||||||||||| ||und||
040 ## - CATALOGING SOURCE
Transcribing agency GE_BSU
080 ## - UNIVERSAL DECIMAL CLASSIFICATION NUMBER
Universal Decimal Classification number 629.33(035.5)
100 ## - MAIN ENTRY--PERSONAL NAME
Personal name Бюссеин,Р.
245 ## - TITLE STATEMENT
Title Автомобильный справочник. Том 1.
245 ## - TITLE STATEMENT
Statement of responsibility, etc. Под общ. ред. А.Н.Островцева, А.А.Липгарта.
250 ## - EDITION STATEMENT
Edition statement Перевод с немецкого.
260 ## - PUBLICATION, DISTRIBUTION, ETC.
Place of publication, distribution, etc. М.
260 ## - PUBLICATION, DISTRIBUTION, ETC.
Name of publisher, distributor, etc. Красный печатник.
260 ## - PUBLICATION, DISTRIBUTION, ETC.
Date of publication, distribution, etc. 1960.
300 ## - PHYSICAL DESCRIPTION
Extent 699стр. 26см. илл.
300 ## - PHYSICAL DESCRIPTION
Accompanying material табл.
942 ## - ADDED ENTRY ELEMENTS (KOHA)
Koha item type წიგნი
ეგზემპლარები
Withdrawn status Lost status Damaged status Not for loan Date acquired Barcode Date last seen Price effective from Koha item type
        2018-12-17 10347 2018-12-17 2018-12-17 წიგნი